| 000 | 00541cam a2200181 4500 | ||
|---|---|---|---|
| 001 | D10323 | ||
| 008 | 090401t xxu||||| |||| 00| 0 eng d | ||
| 035 | _a(Sirsi) u94698 | ||
| 041 | _aeng | ||
| 050 | _a624.176 | ||
| 100 | _aBurland, J.B. | ||
| 245 | _aObservation of retaining wall movements associated with large excavation. Building Research Station Current Paper 8/72 | ||
| 350 | _a0 | ||
| 520 | _aIn RICS Land surveyors` information package 4: deformation measurements | ||
| 700 | _aCole, K.W. | ||
| 942 | _n0 | ||
| 948 | _c04/03/1997 | ||
| 999 |
_c98131 _d98131 |
||